🔮 Purple Map Quiz - Name World Countries - Statistics

General Stats
  • This quiz has been taken 102 times
  • The average score is 167 of 196
Answers on the Map
Answers color-coded by a green-red scale on the quiz's map according to % correct below.
 
Answer Stats
Answer % Correct
United Kingdom
93%
United States
93%
Brazil
90%
Canada
90%
China
90%
France
90%
Germany
90%
India
90%
Italy
90%
Malawi
90%
Mexico
90%
Russia
90%
Spain
90%
Afghanistan
88%
Algeria
88%
Argentina
88%
Armenia
88%
Australia
88%
Austria
88%
Azerbaijan
88%
Bolivia
88%
Botswana
88%
Chad
88%
Chile
88%
Colombia
88%
Cuba
88%
Denmark
88%
Djibouti
88%
Dominica
88%
Dominican Republic
88%
D.R. Congo
88%
Ecuador
88%
Egypt
88%
Eswatini
88%
Finland
88%
Georgia
88%
Ghana
88%
Greece
88%
Honduras
88%
Iceland
88%
Iran
88%
Iraq
88%
Ireland
88%
Japan
88%
Kenya
88%
Lesotho
88%
Luxembourg
88%
Madagascar
88%
Mali
88%
Mongolia
88%
Morocco
88%
Nepal
88%
Netherlands
88%
New Zealand
88%
Niger
88%
Nigeria
88%
North Korea
88%
Oman
88%
Panama
88%
Paraguay
88%
Peru
88%
Philippines
88%
Poland
88%
Portugal
88%
Rep. of the Congo
88%
Saudi Arabia
88%
Senegal
88%
Somalia
88%
South Africa
88%
South Korea
88%
South Sudan
88%
Sri Lanka
88%
Sudan
88%
Sweden
88%
Tanzania
88%
Thailand
88%
Togo
88%
Tunisia
88%
Turkey
88%
Uganda
88%
Ukraine
88%
Uruguay
88%
Venezuela
88%
Vietnam
88%
Yemen
88%
Zambia
88%
Zimbabwe
88%
Andorra
85%
Angola
85%
Bahamas
85%
Belarus
85%
Belgium
85%
Benin
85%
Bhutan
85%
Bosnia andHerzegovina
85%
Bulgaria
85%
Burkina Faso
85%
Burundi
85%
Cambodia
85%
Central AfricanRepublic
85%
Costa Rica
85%
Croatia
85%
Czech Republic
85%
Eritrea
85%
Ethiopia
85%
Gambia
85%
Guinea
85%
Guyana
85%
Hungary
85%
Indonesia
85%
Israel
85%
Ivory Coast
85%
Jamaica
85%
Jordan
85%
Kazakhstan
85%
Laos
85%
Latvia
85%
Lebanon
85%
Liberia
85%
Libya
85%
Malaysia
85%
Maldives
85%
Malta
85%
Mauritania
85%
Moldova
85%
Montenegro
85%
Myanmar
85%
Nicaragua
85%
North Macedonia
85%
Norway
85%
Pakistan
85%
Papua New Guinea
85%
Qatar
85%
Romania
85%
Rwanda
85%
Serbia
85%
Seychelles
85%
Singapore
85%
Slovakia
85%
Slovenia
85%
Switzerland
85%
Syria
85%
United Arab Emirates
85%
Albania
83%
Belize
83%
Brunei
83%
Cameroon
83%
Comoros
83%
Cyprus
83%
Equatorial Guinea
83%
Estonia
83%
Fiji
83%
Gabon
83%
Guinea-Bissau
83%
Haiti
83%
Kosovo
83%
Kuwait
83%
Liechtenstein
83%
Marshall Islands
83%
Mozambique
83%
Namibia
83%
Nauru
83%
São Tomé and Príncipe
83%
Suriname
83%
Taiwan
83%
Trinidad and Tobago
83%
Turkmenistan
83%
Uzbekistan
83%
Vatican City
83%
Antigua and Barbuda
80%
Bangladesh
80%
Cape Verde
80%
F.S. Micronesia
80%
Grenada
80%
Lithuania
80%
Mauritius
80%
Palau
80%
San Marino
80%
Sierra Leone
80%
Vanuatu
80%
Bahrain
78%
Barbados
78%
El Salvador
78%
Guatemala
78%
Kyrgyzstan
78%
Monaco
78%
Solomon Islands
78%
St. Kitts and Nevis
78%
St. Lucia
78%
Tuvalu
78%
East Timor
75%
Samoa
75%
Tajikistan
75%
Tonga
75%
Kiribati
73%
St. Vincent and theGrenadines
73%
No matching quizzes found
Score Distribution
Percent of People with Each Score
Percentile by Number Answered
Your Score History
You have not taken this quiz